1030 1849 1124 1149 1597 1430 1714 1741 1283 1400 1997 1977 1699 1050 1719 1585 1210 1842 1134 1903 1351 1763 1478 1658 1482 1854 1333 1659 1466 1529 1281 1934 1548 1826 1766 1414 1060 1182 1680 1299 1898 1641 1985 1263 1009 1635 1906 1782 1344 1135 1335 1227 1726 1935 1250 1568 1387 1379 1509 1822 1434 1810 1025 1793 1199 1479 1477 1930 1115 1608 1097 1513 1384 1856 1534 1411 1133 1308 1813 1527 1027 1545 1712 1707 1339 1193 1490 1921 1598 1767 1453 1101 1399 1745 1509 1222 1278 1041 1243 BCNSPRNW ULIB Ver.6.0+V

เปลี่ยนเป็นภาษาไทย

Change to English
 แสดงรายละเอียดบรรณานุกรม
  กลับหน้าหลัก

Brief Record : Get Marc (ISO 2709) : E-mail record : QR code < ปิดหน้าต่าง
LEADER : 00000nam 2200000uu 4500
001    13399127088
003     ULIB
008    191010s2560||||th 000 0 tha d
020    ^a9786162321580
060    ^aWS103^bฌ-ว
100    ^aเฌอ
245    ^aเวลาของลูกหว้า นิทานคำสอนของพ่อ (หลวง) ชุดที่ ่ 1 เล่ม 5 (สองภาษา ไทย-อังกฤษ)
250    ^aพิมพ์ครั้งที่ 1
260    ^aกรุงเทพฯ :^bบริษัท บีเวล พับลิชชิ่ง จำกัด,^c2560
300    ^a12 หน้า;^b19 ซม.
650    ^aเด็ก^xการเรียนการสอน
945    ^p35^l0^i006276
999    ^aประนอม เกษจรัล
รายการนี้ยังไม่มีแท็ก
คุณยังไม่ได้ล็อกอิน คุณสามารถมีกิจกรรมร่วมกับเว็บไซต์ได้ แต่ต้องล็อกอินก่อน ::
  ล็อกอิน

รายการสื่อสารสนเทศ

ลำดับที่ ประเภท เลขเรียก/บาร์โค้ด สถานที่ สถานะ
1. วิทยาศาสตร์การแพทย์ และสุขภาพ
วิทยาศาสตร์การแพทย์ และสุขภาพ
WS103 ฌ-ว ฉ.1 
  Barcode: 006276
ห้องสมุดวิทยาเขตสวรรค์ประชารักษ์
►หนังสือทั่วไป
บนชั้น

รายการใกล้เคียง
    ผู้แต่ง [เฌอ]

BibComment


ยังไม่เคยถูกคอมเมนท์

คอมเมนท์ทรัพยากรรายการนี้
  คอมเมนท์: เวลาของลูกหว้า น..


 Copyright 2026. Bcnsprnw @Library